000 00483nam a2200193Ia 4500
008 240509s9999 xx 000 0 und d
020 _a9780789741158
041 _aEng
082 _a005.8
082 _bH19
100 _aHAYES,DARREN R.
245 2 _aA Practical Guide to Computer Forensics Investigations
260 _bIndiana:Pearson Education
260 _c2015
300 _a502 p.
650 _aComputer Security: Computer Forensics
942 _2ddc
942 _cRBK
999 _c23337
_d23337
945 _a1
_bMadushi Gamage
_c1
_dMadushi Gamage